Nomenclátor de la Provincia de Tarragona
Publicado:
[s.l., s.n., s.a.] :
Descripción Física:
46 p. ; 42 cm
MARC
| LEADER | 00000nam a2200000Ia 4500 | ||
|---|---|---|---|
| 001 | 9861 | ||
| 008 | 160829s9999 xx 000 0 cat d | ||
| 080 | |a FOL-1-2 | ||
| 245 | |a Nomenclátor de la Provincia de Tarragona | ||
| 260 | |a [s.l., s.n., s.a.] | ||
| 300 | |a 46 p. ; |c 42 cm | ||
| 590 | |a Al llom del llibre hi consta: Casa de Caridad. | ||
| 590 | |a No es troba l'any en cap pàg. del llibre. No obstant, les dades corresponen, probablement, al cens de l'any 1860. | ||
| 650 | |a Tarragona (Província) |x Població |9 31838 | ||
| 650 | |a Topònims |x Tarragona (Província) |9 31839 | ||
| 901 | |a Arxiu | ||
| 942 | |n 1 | ||
| 952 | |0 0 |1 0 |4 0 |6 FOL12 |7 1 |9 45771 |a Arxiu |b Arxiu |d 2016-12-01 |l 0 |o FOL-1-2 |p 9861 |r 2016-12-01 00:00:00 |w 2016-12-01 |y ARXIU | ||
| 999 | |c 49271 |d 49271 | ||